Οι μυστικοί αριθμοί : απο το σχήμα της χιονονιφάδας, στο σχήμα του σύμπαντος

Αποθηκεύτηκε σε:
Λεπτομέρειες βιβλιογραφικής εγγραφής
Κύριος συγγραφέας: Stewart, Ian, 1945-
Άλλοι συγγραφείς: Σπανού, Ανδρομάχη (trlf)
Μορφή: Βιβλίο
Γλώσσα:Greek
English
Δημοσίευση: Αθήνα : Π. Τραυλός, 2003.
Θέματα:
Ετικέτες: Προσθήκη ετικέτας
Δεν υπάρχουν, Καταχωρήστε ετικέτα πρώτοι!

MARC

LEADER 00000cam a2200000 i 4500
001 1/59714
008 040831s2003 gr | ||| |||| ||gre||
020 |a 9607990714 
035 |l 10074167 
040 |a GR-MyUA  |b gre  |e AACR2 
041 1 |a gre  |h eng 
082 0 |a 510 
100 1 |a Stewart, Ian,   |d 1945- 
245 1 3 |a Οι μυστικοί αριθμοί :   |b απο το σχήμα της χιονονιφάδας, στο σχήμα του σύμπαντος /   |c Ian Stewart ; μετάφραση Ανδρομάχη Σπανού.  
260 |a Αθήνα :   |b Π. Τραυλός,   |c 2003.  
300 |a 224 σ. :   |b εικ. ;   |c 23 εκ.  
500 |a Τίτλος πρωτοτύπου: What shape is a snowflake.  
650 0 0 |a Biomathematics. 
650 0 0 |a Symmetry. 
650 0 0 |a Mathematics in nature. 
650 0 0 |a Natural history. 
650 0 0 |a Pattern perception. 
700 1 |a Σπανού, Ανδρομάχη,  |e trlf 
852 |a INST  |b SAMOS  |e 20040831  |h 510 STE  |p 005300023263  |q 005300023263  |t BK  |y 0 
901 |a BIBL3-2004-2 
909 |a Σ  |b 107405 
922 |a 3ΕΛΗ  |b 200406  |c ΤΜΠΕΣ  |d LEADER 
970 |a ΜΑΛΑΓΑΡΗ  |b ΦΩΤΕΙΝΗ  |z 2004/08/31